Tâm lý học trong nháy mắt

Nội dung sách giới thiệu về tâm lý học. Thay bằng việc học thuộc lòng, "vò đầu bứt tai" với mớ lý thuyết và từ chuyên môn, cuốn sách giúp bạn tìm hiểu về hành vi, trang thái tâm lý của chính mình và người xung quanh, ghi nhớ và a...

Fuld beskrivelse

Đã lưu trong:
Bibliografiske detaljer
Hovedforfatter: Hương Nguyễn
Format: Bog
Sprog:Undetermined
Udgivet: Hà Nội Dân Trí 2018
Fag:
Tags: Tilføj Tag
Ingen Tags, Vær først til at tagge denne postø!
Thư viện lưu trữ: Trung tâm Học liệu Trường Đại học Cần Thơ
LEADER 01014nam a2200217Ia 4500
001 CTU_226703
008 210402s9999 xx 000 0 und d
020 |c 106000 
082 |a 302 
082 |b H561/T.1 
100 |a Hương Nguyễn 
245 0 |a Tâm lý học trong nháy mắt 
245 0 |c Hương Nguyễn (chủ biên) 
260 |a Hà Nội 
260 |b Dân Trí 
260 |c 2018 
520 |a Nội dung sách giới thiệu về tâm lý học. Thay bằng việc học thuộc lòng, "vò đầu bứt tai" với mớ lý thuyết và từ chuyên môn, cuốn sách giúp bạn tìm hiểu về hành vi, trang thái tâm lý của chính mình và người xung quanh, ghi nhớ và áp dụng chúng một cách dễ dàng và thú vị. 
650 |a Tâm lý học xã hội,Social psychology 
904 |i Nhi 
910 |b dqhieu 
980 |a Trung tâm Học liệu Trường Đại học Cần Thơ